Normal view
MARC view
Entry Personal Name
001 - CONTROL NUMBER
- control field: 53858
003 - CONTROL NUMBER IDENTIFIER
- control field: OSt
005 - DATE AND TIME OF LATEST TRANSACTION
- control field: 20250528155716.0
008 - FIXED-LENGTH DATA ELEMENTS
- fixed length control field: 250528|| aca||aabn | a|a d
040 ## - CATALOGING SOURCE
- Original cataloging agency: OSt
- Transcribing agency: OSt
100 ## - HEADING--PERSONAL NAME
- Personal name: Ananda, Sri
670 ## - SOURCE DATA FOUND
- Source citation: Work cat.: (OSt): Ananda, Sri, Swami Vivekananda: The Complete Biography, Volume1: Before his Visit to the West, 2022
